Capacitación a empresas comunitarias campesinas: experiencia de extensión de la Escuela de Planificación y Promoción Social, de Costa Rica /
Este es una síntesis del trabajo que ha desarrollado la Escuela de Planificación y Promoción Social de la Universidad Nacional de Costa Rica, en capacitación campesina sobre empresas comunitarias.
Uloženo v:
| Korporativní autor: | |
|---|---|
| Médium: | Text |
| Témata: | |
| Tagy: |
Přidat tag
Žádné tagy, Buďte první, kdo vytvoří štítek k tomuto záznamu!
|
MARC
| LEADER | 00000 a a2200000 04500 | ||
|---|---|---|---|
| 001 | 41881 | ||
| 003 | |||
| 040 | |||
| 110 | |a Costa Rica. |b Universidad Nacional | ||
| 245 | |a Capacitación a empresas comunitarias campesinas: experiencia de extensión de la Escuela de Planificación y Promoción Social, de Costa Rica / |c Universidad Nacional de Costa Rica | ||
| 520 | |a Este es una síntesis del trabajo que ha desarrollado la Escuela de Planificación y Promoción Social de la Universidad Nacional de Costa Rica, en capacitación campesina sobre empresas comunitarias. | ||
| 590 | |a SJB/DICIEMBRE2012 | ||
| 650 | |a 1.CAPACITACION | ||
| 650 | |a 2.EMPRESAS | ||
| 650 | |a 3.COMUNIDADES | ||
| 650 | |a 4.AUTOGESTION | ||
| 650 | |a 5.AGRICULTURA | ||
| 650 | |a 6.PROGRAMAS DE CAPACITACION | ||
| 773 | |g número5-6 (1985), páginas 243-252 | ||
| 999 | |c 38870 |d 38870 | ||
